1939 March Madness Teams - Statistics

General Stats
  • This quiz has been taken 20 times
  • The average score is 4 of 8
Answer Stats
Place In Tourney Team % Correct
Winner Oregon
100%
Fourth Place Texas
67%
Runner-Up Ohio State
50%
Eliminated Oklahoma
42%
Eliminated Brown
33%
Eliminated Villanova
33%
Eliminated Wake Forest
33%
Third Place Utah State
17%
No matching quizzes found
Score Distribution
Percent of People with Each Score
Percentile by Number Answered
Your Score History
You have not taken this quiz